[Event "NCA-ch (Women)"]
[Site "Managua"]
[Date "2018.05.06"]
[Round "8"]
[White "Granados Ortiz, Maria Jose"]
[Black "Medrano, Maria Luisa"]
[Result "1-0"]
[WhiteElo "1626"]
[BlackElo "1669"]
[PlyCount "145"]
[EventDate "2018.04.07"]
[EventType "tourn"]
[EventRounds "9"]
[EventCountry "NCA"]
[SourceTitle "EXT 2019"]
[Source "ChessBase"]
[SourceDate "2018.10.10"]
[SourceVersion "1"]
[SourceVersionDate "2018.10.10"]
[SourceQuality "1"]

1. e4 e5 2. Nf3 Nc6 3. Bb5 a6 4. Ba4 Nf6 5. 0-0 b5 6. Bb3 Be7 7. Re1 d6 8. c3 0-0 9. h3 Nb8 10. d4 Nbd7 11. Nbd2 c5 12. Nf1 Re8 13. Ng3 c4 14. Bc2 g6 15. a4 Bb7 16. Bh6 Bf8 17. Qd2 Qe7 18. h4 Bxh6 19. Qxh6 Qf8 20. Qg5 h6 21. Qd2 h5 22. Ng5 d5 23. dxe5 Rxe5 24. exd5 Rxd5 25. Qf4 Rd6 26. N3e4 Nxe4 27. Nxe4 Bxe4 28. Bxe4 Re8 29. axb5 axb5 30. Qg5 Re5 31. Qg3 Qe7 32. f3 Nc5 33. Bc6 Nd3 34. Rxe5 Qxe5 35. Qxe5 Nxe5 36. Bxb5 Rb6 37. Ra5 Rd6 38. Ba4 Nd3 39. b3 cxb3 40. Bxb3 Nf4 41. Kf1 Rc6 42. c4 Ne6 43. Rd5 Nc5 44. Bc2 Ne6 45. Bb3 Rb6 46. Ba4 Rb1+ 47. Rd1 Rb4 48. Bb5 Nc7 49. Rd8+ Kg7 50. Rb8 Rb2 51. Rb7 Ne6 52. Bc6 Rc2 53. Bd5 Kf6 54. Rb6 Ke5 55. Bxe6 fxe6 56. Rc6 Kf6 57. g3 Ke7 58. Rc5 Kf6 59. Rc8 Ke7 60. c5 Kd7 61. Rg8 Rxc5 62. Rxg6 Rf5 63. Kg2 Rd5 64. Rg5 Rxg5 65. hxg5 Ke7 66. Kh3 Kf7 67. g4 Kg6 68. f4 hxg4+ 69. Kxg4 Kg7 70. Kh5 Kh7 71. g6+ Kg7 72. Kg5 e5 73. fxe5 1-0

[Event "NCA-ch (Women) sf"]
[Site "Managua"]
[Date "2018.03.11"]
[Round "5"]
[White "Medrano, Maria Luisa"]
[Black "Leon Sandoval, Johan"]
[Result "1/2-1/2"]
[WhiteElo "1669"]
[BlackElo "1695"]
[PlyCount "60"]
[EventDate "2018.03.03"]
[EventType "swiss"]
[EventRounds "9"]
[EventCountry "NCA"]
[SourceTitle "EXT 2019"]
[Source "ChessBase"]
[SourceDate "2018.10.10"]
[SourceVersion "1"]
[SourceVersionDate "2018.10.10"]
[SourceQuality "1"]

1. e4 g6 2. d4 Bg7 3. Nc3 d6 4. Be2 b6 5. Nf3 Bb7 6. 0-0 Nf6 7. e5 dxe5 8. dxe5 Qxd1 9. Rxd1 Ng4 10. Bf4 a6 11. h3 Nh6 12. e6 0-0 13. Bxc7 b5 14. exf7+ Nxf7 15. Nd4 Bxd4 16. Rxd4 Nc6 17. Rd2 Rac8 18. Bg3 Rfd8 19. Rad1 Rxd2 20. Rxd2 Rd8 21. Rxd8+ Ncxd8 22. Bd3 Ne6 23. Ne4 Neg5 24. Nxg5 Nxg5 25. Bh4 Ne6 26. Bg3 Nc5 27. Kf1 Nxd3 28. cxd3 Kf7 29. f3 Bd5 30. a3 e6 1/2-1/2

[Event "NCA-ch (Women) sf"]
[Site "Managua"]
[Date "2018.03.10"]
[Round "4"]
[White "Medrano, Maria Luisa"]
[Black "Alvarez Gutierrez, Patricia"]
[Result "0-1"]
[WhiteElo "1669"]
[BlackElo "1353"]
[PlyCount "60"]
[EventDate "2018.03.03"]
[EventType "swiss"]
[EventRounds "9"]
[EventCountry "NCA"]
[SourceTitle "EXT 2019"]
[Source "ChessBase"]
[SourceDate "2018.10.10"]
[SourceVersion "1"]
[SourceVersionDate "2018.10.10"]
[SourceQuality "1"]

1. e4 c6 2. d4 d5 3. e5 c5 4. dxc5 Nc6 5. Bb5 Qa5+ 6. Nc3 e6 7. a3 Bxc5 8. Bd2 Qc7 9. Nf3 Bd7 10. Qe2 a6 11. Bd3 Nge7 12. 0-0 Ng6 13. Rfe1 Nd4 14. Nxd4 Bxd4 15. Bxg6 hxg6 16. Kh1 Bc6 17. Bf4 0-0-0 18. Nd1 Rh7 19. f3 Rdh8 20. h3 Qe7 21. Nf2 Qh4 22. Be3 Bxe3 23. Qxe3 d4 24. Qe2 Qg3 25. Rad1 Rh4 26. Rd3 g5 27. Red1 g4 28. Nxg4 Rd8 29. Qf2 Rxg4 30. fxg4 Qxf2 0-1

[Event "NCA-ch (Women) sf"]
[Site "Managua"]
[Date "2018.03.03"]
[Round "1"]
[White "Medrano, Maria Luisa"]
[Black "Bonavila Martinez, Edith Paola"]
[Result "1-0"]
[WhiteElo "1669"]
[BlackElo "1359"]
[PlyCount "69"]
[EventDate "2018.03.03"]
[EventType "swiss"]
[EventRounds "9"]
[EventCountry "NCA"]
[SourceTitle "EXT 2019"]
[Source "ChessBase"]
[SourceDate "2018.10.10"]
[SourceVersion "1"]
[SourceVersionDate "2018.10.10"]
[SourceQuality "1"]

1. e4 e5 2. Nf3 Nf6 3. Nc3 Be7 4. Nxe5 0-0 5. Bc4 Qe8 6. d3 d6 7. Nf3 b5 8. Bxb5 Bd7 9. Bxd7 Nbxd7 10. 0-0 a5 11. Re1 a4 12. Nb5 Qd8 13. Nbd4 d5 14. e5 Ng4 15. e6 fxe6 16. Nxe6 Qc8 17. Nxf8 Qxf8 18. h3 Ngf6 19. Nd4 a3 20. bxa3 Bxa3 21. Bxa3 Rxa3 22. Qe2 Ra8 23. Qe7 c5 24. Qxf8+ Nxf8 25. Ne6 c4 26. Nxf8 Rxf8 27. dxc4 dxc4 28. a4 Nd5 29. Re4 h5 30. Rxc4 g5 31. Rc5 Rd8 32. a5 g4 33. hxg4 hxg4 34. Rd1 Ra8 35. Rdxd5 1-0

[Event "NCA-ch op"]
[Site "Managua"]
[Date "2017.09.16"]
[Round "7"]
[White "Berrios, Natanael"]
[Black "Medrano, Maria Luisa"]
[Result "1-0"]
[WhiteElo "1760"]
[BlackElo "1614"]
[PlyCount "81"]
[EventDate "2017.09.02"]
[EventType "swiss"]
[EventRounds "9"]
[EventCountry "NCA"]
[SourceTitle "EXT 2018"]
[Source "ChessBase"]
[SourceDate "2017.10.13"]
[SourceVersion "1"]
[SourceVersionDate "2017.10.13"]
[SourceQuality "1"]

1. e4 e5 2. f4 exf4 3. Bc4 Qh4+ 4. Kf1 d6 5. Nf3 Qh6 6. c3 Be6 7. Be2 c6 8. d4 g5 9. h4 f6 10. Kf2 g4 11. Ne1 f5 12. exf5 g3+ 13. Kf1 Bxf5 14. Nd3 Bxd3 15. Qxd3 Nf6 16. Qf5 Nd5 17. Qc8+ Kf7 18. Qxb7+ Be7 19. Na3 Nb6 20. Nc4 N8d7 21. Qxc6 Rhc8 22. Qb5 Kf8 23. Nxb6 Nxb6 24. Qf5+ Kg8 25. Bxf4 Qxf4+ 26. Qxf4 Rf8 27. Qxf8+ Rxf8+ 28. Bf3 Nc4 29. Rh3 Kh8 30. h5 Nxb2 31. Rxg3 Nc4 32. Ke2 Re8 33. Kd3 Nb2+ 34. Kc2 Na4 35. Re1 Nb6 36. Bc6 h6 37. Bxe8 Bh4 38. Ree3 Bxg3 39. Rxg3 Nd5 40. Bf7 Nf6 41. Rg6 1-0

[Event "Managua Ramirez de Arellano Memorial"]
[Site "Managua"]
[Date "2017.07.30"]
[Round "8"]
[White "Berrios, Natanael"]
[Black "Medrano, Maria Luisa"]
[Result "1/2-1/2"]
[WhiteElo "1780"]
[BlackElo "1579"]
[PlyCount "79"]
[EventDate "2017.07.15"]
[EventType "swiss"]
[EventRounds "9"]
[EventCountry "NCA"]
[SourceTitle "EXT 2018"]
[Source "ChessBase"]
[SourceDate "2017.10.13"]
[SourceVersion "1"]
[SourceVersionDate "2017.10.13"]
[SourceQuality "1"]

1. e4 e5 2. Nf3 Nc6 3. Bc4 Bc5 4. 0-0 Nf6 5. d4 Bxd4 6. Nxd4 Nxd4 7. Bg5 h6 8. Bh4 g5 9. Bg3 d6 10. Nc3 Be6 11. Bd3 h5 12. f3 Bd7 13. Ne2 Ne6 14. c3 Nf4 15. Bc4 Qe7 16. Qd2 h4 17. Bf2 Nxe2+ 18. Bxe2 g4 19. Be3 gxf3 20. Bxf3 Nh7 21. Bh5 Be6 22. Rf2 Nf6 23. Bf3 Ng4 24. Bxg4 Bxg4 25. Bg5 Qd7 26. Raf1 Be6 27. b3 h3 28. c4 hxg2 29. Re1 Qc6 30. h4 Kd7 31. Rxg2 f5 32. exf5 Bxf5 33. Rxe5 Be6 34. Rge2 Rae8 35. Qd4 Qf3 36. R5e3 Qg4+ 37. Qxg4 Bxg4 38. Re7+ Rxe7 39. Rxe7+ Kc6 40. Kg2 1/2-1/2

[Event "Managua Ramirez de Arellano Memorial"]
[Site "Managua"]
[Date "2017.07.16"]
[Round "3"]
[White "Mejia, Donaldo"]
[Black "Medrano, Maria Luisa"]
[Result "0-1"]
[WhiteElo "1866"]
[BlackElo "1579"]
[PlyCount "54"]
[EventDate "2017.07.15"]
[EventType "swiss"]
[EventRounds "9"]
[EventCountry "NCA"]
[SourceTitle "EXT 2018"]
[Source "ChessBase"]
[SourceDate "2017.10.13"]
[SourceVersion "1"]
[SourceVersionDate "2017.10.13"]
[SourceQuality "1"]

1. b3 e5 2. Bb2 Nc6 3. e3 d5 4. Bb5 Bd6 5. f4 Qe7 6. Nf3 Bg4 7. 0-0 f6 8. fxe5 fxe5 9. Nc3 Nf6 10. h3 Bh5 11. g4 Bf7 12. Nh4 0-0 13. Nf5 Qe6 14. Nxd6 Qxd6 15. Be2 e4 16. Qe1 a6 17. a4 Rae8 18. Qf2 Be6 19. Qh4 Ne7 20. Kg2 Ng6 21. Qg5 Bd7 22. h4 Re5 23. Nxe4 Rxe4 24. Ba3 c5 25. Bb2 Bxg4 26. Bxg4 Rxg4+ 27. Qxg4 Nxg4 0-1

[Event "Managua Ramirez de Arellano Memorial"]
[Site "Managua"]
[Date "2017.07.15"]
[Round "1"]
[White "Castillo, Rommel"]
[Black "Medrano, Maria Luisa"]
[Result "1-0"]
[WhiteElo "2029"]
[BlackElo "1579"]
[PlyCount "125"]
[EventDate "2017.07.15"]
[EventType "swiss"]
[EventRounds "9"]
[EventCountry "NCA"]
[SourceTitle "EXT 2018"]
[Source "ChessBase"]
[SourceDate "2017.10.13"]
[SourceVersion "1"]
[SourceVersionDate "2017.10.13"]
[SourceQuality "1"]

1. c4 e6 2. b3 d5 3. e3 Nf6 4. Nf3 Be7 5. Bb2 0-0 6. Be2 c5 7. 0-0 Nc6 8. d3 dxc4 9. bxc4 Qc7 10. Nc3 Rd8 11. Qb1 e5 12. Rd1 Bg4 13. h3 Bh5 14. g4 Bg6 15. e4 Nd4 16. Kf1 Nxf3 17. Bxf3 Qd7 18. Kg2 Ne8 19. Nd5 Nc7 20. Bxe5 Nxd5 21. exd5 f6 22. Bg3 f5 23. Qb3 Bf6 24. Rab1 b6 25. Qb5 Qxb5 26. Rxb5 Be8 27. Rbb1 Ba4 28. gxf5 Bxd1 29. Rxd1 Rac8 30. a4 Be7 31. Be4 Bd6 32. f4 Kf7 33. Kf3 h5 34. Rg1 Re8 35. Be1 Be7 36. Rg6 Bf6 37. a5 Rcd8 38. Rg2 Rd6 39. Ra2 Re7 40. Ra3 Red7 41. Ke2 Bd8 42. Bf3 Rh6 43. Bc3 Bf6 44. Be1 Re7+ 45. Be4 Rd7 46. axb6 axb6 47. Ra6 Bd4 48. Bh4 Bc3 49. Kf3 Ba5 50. Ra8 Bc3 51. Rb8 Ba5 52. Ke2 Bc3 53. Kd1 Rhd6 54. Kc2 Bf6 55. Bxf6 Rxf6 56. Ra8 Rfd6 57. Kb3 Ke7 58. Ka4 Rd8 59. Ra6 Rb8 60. Kb5 Rb7 61. Bf3 Rh6 62. d6+ Rxd6 63. Bxb7 1-0

[Event "Managua Dario Memorial-B 1st"]
[Site "Managua"]
[Date "2017.05.14"]
[Round "5"]
[White "Medrano, Maria Luisa"]
[Black "Flores, Manuel"]
[Result "0-1"]
[WhiteElo "1634"]
[BlackElo "2019"]
[PlyCount "100"]
[EventDate "2017.05.06"]
[EventType "tourn"]
[EventRounds "9"]
[EventCountry "NCA"]
[SourceTitle "EXT 2018"]
[Source "ChessBase"]
[SourceDate "2017.10.13"]
[SourceVersion "1"]
[SourceVersionDate "2017.10.13"]
[SourceQuality "1"]

1. e4 c5 2. Nf3 Nc6 3. Bb5 g6 4. Bxc6 dxc6 5. Nc3 Bg7 6. d3 Nf6 7. Be3 b6 8. h3 Qc7 9. Qd2 h5 10. Bf4 Qb7 11. 0-0 Be6 12. Ng5 Qd7 13. Rfd1 Rd8 14. Ne2 0-0 15. c3 Nh7 16. Nf3 f5 17. e5 Bd5 18. Nh4 Qe6 19. Qe3 Bxa2 20. c4 Bb3 21. Rdc1 a5 22. Rc3 a4 23. Nc1 Rd4 24. Nf3 Rxf4 25. Qxf4 g5 26. Nxg5 Qxe5 27. Qxe5 Bxe5 28. Nxh7 Kxh7 29. Nxb3 Bxc3 30. bxc3 axb3 31. Rb1 Rd8 32. Rxb3 Rxd3 33. Kf1 e5 34. Ke2 e4 35. f3 h4 36. fxe4 fxe4 37. Rxb6 Rxc3 38. Rxc6 Rxc4 39. Ke3 Kg7 40. Re6 Rd4 41. Kf4 Kf7 42. Re5 Rc4 43. Ke3 Kg6 44. Rd5 Rc3+ 45. Kxe4 c4 46. Kd4 Rc2 47. Rc5 c3 48. Rc4 Kf5 49. Kd5 Rd2+ 50. Kc5 c2 0-1

[Event "NCA-ch (Women)"]
[Site "Managua"]
[Date "2017.04.08"]
[Round "7"]
[White "Medrano, Maria Luisa"]
[Black "Narvaez Talavera, Joanie Ellen"]
[Result "1/2-1/2"]
[WhiteElo "1679"]
[BlackElo "1554"]
[PlyCount "64"]
[EventDate "2017.03.25"]
[EventType "tourn"]
[EventRounds "7"]
[EventCountry "NCA"]
[SourceTitle "EXT 2018"]
[Source "ChessBase"]
[SourceDate "2017.10.13"]
[SourceVersion "1"]
[SourceVersionDate "2017.10.13"]
[SourceQuality "1"]

1. e4 d5 2. exd5 Qxd5 3. d4 Nf6 4. Nf3 Bf5 5. Be2 e6 6. 0-0 Nbd7 7. c4 Qa5 8. Nc3 c6 9. a3 Qc7 10. Be3 Be7 11. h3 h6 12. Rc1 0-0 13. d5 Rfd8 14. Nd4 Nb6 15. Nxf5 exf5 16. Qb3 cxd5 17. cxd5 Qe5 18. Bxb6 axb6 19. Bf3 Bc5 20. Na4 Bd6 21. g3 Ne4 22. Bxe4 fxe4 23. Nxb6 e3 24. Qxe3 Qxe3 25. fxe3 Ra6 26. Nc4 Bxg3 27. e4 b5 28. Ne3 Be5 29. Nf5 Bxb2 30. Rb1 Bxa3 31. Rxb5 Rc8 32. Rfb1 Rg6+ 1/2-1/2

[Event "NCA-ch (Women)"]
[Site "Managua"]
[Date "2017.03.26"]
[Round "1"]
[White "Granados Ortiz, Maria Jose"]
[Black "Medrano, Maria Luisa"]
[Result "1-0"]
[WhiteElo "1687"]
[BlackElo "1679"]
[PlyCount "111"]
[EventDate "2017.03.25"]
[EventType "tourn"]
[EventRounds "7"]
[EventCountry "NCA"]
[SourceTitle "EXT 2018"]
[Source "ChessBase"]
[SourceDate "2017.10.13"]
[SourceVersion "1"]
[SourceVersionDate "2017.10.13"]
[SourceQuality "1"]

1. e4 e5 2. Nf3 Nc6 3. Bb5 a6 4. Bxc6 dxc6 5. d3 Bd6 6. d4 f6 7. dxe5 fxe5 8. Nxe5 Qh4 9. Nf3 Qxe4+ 10. Be3 Bg4 11. Nbd2 Qg6 12. Nh4 Qe6 13. Ndf3 0-0-0 14. Nd4 Qd7 15. f3 Be6 16. Qd3 Ne7 17. g3 h6 18. Ng6 Nxg6 19. Qxg6 Bd5 20. 0-0 Rhf8 21. Rad1 Rf6 22. Qd3 Qf7 23. Rf2 Bxf3 24. Rdf1 Bd5 25. Rxf6 gxf6 26. b3 Re8 27. Bxh6 Be4 28. Qd2 Qg6 29. Bf4 Bc5 30. c3 Rd8 31. Be3 Bd6 32. Qf2 Be5 33. Ne6 Re8 34. Nf4 Qh7 35. Bd4 Rf8 36. Ne6 Re8 37. Bxe5 fxe5 38. Ng5 Qg6 39. Nxe4 Qxe4 40. Qf5+ Qxf5 41. Rxf5 e4 42. Kf2 Kd7 43. Ke3 Kd6 44. Rf4 Rh8 45. h4 Rg8 46. g4 Rh8 47. h5 Rg8 48. Rxe4 Rg5 49. Kf4 Rg8 50. h6 c5 51. g5 Rf8+ 52. Kg4 Kd5 53. Rf4 Rg8 54. Kh5 Ke5 55. Rf7 b6 56. h7 1-0

[Event "NCA-ch sf (Women)"]
[Site "Managua"]
[Date "2017.03.19"]
[Round "8"]
[White "Narvaez Talavera, Joanie Ellen"]
[Black "Medrano, Maria Luisa"]
[Result "1-0"]
[WhiteElo "1554"]
[BlackElo "1679"]
[PlyCount "65"]
[EventDate "2017.03.04"]
[EventType "tourn"]
[EventRounds "9"]
[EventCountry "NCA"]
[SourceTitle "EXT 2018"]
[Source "ChessBase"]
[SourceDate "2017.10.13"]
[SourceVersion "1"]
[SourceVersionDate "2017.10.13"]
[SourceQuality "1"]

1. d4 Nf6 2. Nf3 e6 3. c4 d5 4. Bg5 Nbd7 5. e3 c6 6. Bd3 Qa5+ 7. Nbd2 dxc4 8. Bxc4 Ne4 9. Bf4 Nxd2 10. Nxd2 Nf6 11. 0-0 Qd8 12. Nf3 Be7 13. Qc2 Nh5 14. Be5 f6 15. Bg3 Nxg3 16. hxg3 Bd6 17. Qb3 Qe7 18. a4 g5 19. e4 g4 20. e5 gxf3 21. exd6 Qxd6 22. gxf3 Kd8 23. Rfe1 Re8 24. Re2 Kc7 25. Qc3 e5 26. d5 c5 27. Bb5 Bd7 28. b4 Bxb5 29. axb5 Qxd5 30. Rd2 Qe6 31. Qxc5+ Kb8 32. Rc1 Rc8 33. Rd8 1-0

[Event "Central America-chT (Women)"]
[Site "Managua"]
[Date "2015.07.30"]
[Round "5.1"]
[White "Medrano, Maria Luisa"]
[Black "Mazariegos, Silvia Carolina"]
[Result "1-0"]
[WhiteElo "1549"]
[BlackElo "1991"]
[PlyCount "71"]
[EventDate "2015.07.27"]
[EventType "team-tourn"]
[EventRounds "5"]
[EventCountry "NCA"]
[SourceTitle "EXT 2016"]
[Source "ChessBase"]
[SourceDate "2015.10.08"]
[SourceVersion "1"]
[SourceVersionDate "2015.10.08"]
[SourceQuality "1"]
[WhiteTeam "Nicaragua (W)"]
[BlackTeam "Guatemala (W)"]
[WhiteTeamCountry "NCA"]
[BlackTeamCountry "GUA"]

1. e4 Nf6 2. e5 Nd5 3. d4 d6 4. c4 Nb6 5. exd6 cxd6 6. Nc3 g6 7. Be3 Bg7 8. Rc1 Nc6 9. d5 Ne5 10. b3 Ng4 11. Bd4 Nf6 12. Be2 0-0 13. Nf3 e6 14. dxe6 Bxe6 15. 0-0 d5 16. c5 Nc8 17. b4 Ne7 18. b5 Nd7 19. Bxg7 Kxg7 20. Qd4+ f6 21. Rfd1 Qc7 22. Na4 Rac8 23. Ng5 Bg8 24. Bg4 Rfd8 25. Ne6+ Bxe6 26. Bxe6 Ne5 27. Nc3 Qa5 28. a4 Re8 29. Nxd5 N7c6 30. bxc6 bxc6 31. Qc3 Qxa4 32. Ne3 Rxe6 33. Ra1 Qb5 34. Rxa7+ Kh6 35. Qd2 g5 36. Nf5+ 1-0

[Event "Central America-chT (Women)"]
[Site "Managua"]
[Date "2015.07.29"]
[Round "3.1"]
[White "Medrano, Maria Luisa"]
[Black "Fernandez, Mirna Graciela"]
[Result "1/2-1/2"]
[WhiteElo "1549"]
[BlackElo "1501"]
[PlyCount "43"]
[EventDate "2015.07.27"]
[EventType "team-tourn"]
[EventRounds "5"]
[EventCountry "NCA"]
[SourceTitle "EXT 2016"]
[Source "ChessBase"]
[SourceDate "2015.10.08"]
[SourceVersion "1"]
[SourceVersionDate "2015.10.08"]
[SourceQuality "1"]
[WhiteTeam "Nicaragua (W)"]
[BlackTeam "Honduras (W)"]
[WhiteTeamCountry "NCA"]
[BlackTeamCountry "HON"]

1. e4 e5 2. Nf3 Nc6 3. Bb5 a6 4. Ba4 Nf6 5. d3 b5 6. Bb3 Be7 7. c3 0-0 8. 0-0 d5 9. Qe2 Qd6 10. Rd1 Bg4 11. Nbd2 Rad8 12. Bc2 h6 13. Nf1 b4 14. Ng3 bxc3 15. bxc3 d4 16. Bd2 dxc3 17. Bxc3 Qa3 18. Bb3 Nd4 19. Bxd4 Rxd4 20. h3 Bxf3 21. Qxf3 g6 22. Ne2 1/2-1/2